000 00597cam a22002171 4500
001 ca 35000541
003 DLC
005 20260227111138.0
008 890621s1935 maua 000 0 eng
010 _aca 35000541
035 _a(OCoLC)19903453
040 _aDLC
_cRPB
_dDLC
042 _apremarc
050 0 0 _aPS3515.O1725
_bR4 1935
082 _a812.5
100 1 _aHodgkins, Fred.
245 1 0 _aReady made hero;
_ba comedy in one act,
_cby Fred Hodgkins.
260 _aBoston,
_bWalter H. Baker Company
_c[c1935]
300 _a22 p.
_bdiagr.
_c19 cm.
490 0 _aBakers̕ edition of plays
999 _c17843
_d17843